| 000 | 01162nam a2200301 4500 | ||
|---|---|---|---|
| 001 | 0000018965 | ||
| 003 | CO-CtgCURN | ||
| 005 | 20250331184732.0 | ||
| 007 | ta | ||
| 008 | 160627s2000 000 0 eng d | ||
| 020 | _a9702400236 | ||
| 040 |
_aCO-CtgCURN _bspa _ccoctgcurn |
||
| 082 | 0 |
_a517.38 _bL653e |
|
| 100 | 1 | _aLomen, David. | |
| 245 | 1 | 0 |
_aEcuaciones diferenciales a traves de graficas, modelos y datos / _cDavid Lomen , David Lovelock. |
| 260 |
_aMexico : _bCompaƱia Editorial Continental, _c2000. |
||
| 300 | _a682 p. | ||
| 336 | _2rdacontent | ||
| 337 |
_2rdamedia _asin mediacion _bn |
||
| 338 |
_2rdacarrier _avolumen _bnc |
||
| 500 | _aIncluye indice. | ||
| 505 | 8 | _aEcuaciones difereciales autonomas.--Ecuaciones diferenciales de primer orden.--Ecuaciones diferenciales lineales de primer orden y modelos.--Sistemas lineales autonomos.--Sistemas autonomos no lineales.--Uso de las transformadas | |
| 650 | 1 | 4 |
_aEcuaciones diferenciales _vProcesamiento de datos. |
| 700 | 1 | _aLovelock, David. | |
| 908 | _a160627 | ||
| 942 |
_cBK _h517.38 _iL653e _2ddc |
||
| 999 |
_c20841 _d20841 |
||